IATA Airport Codes by City (SOUTH AMERICA) - Statistics

General Stats
  • This quiz has been taken 800 times
  • The average score is 11 of 27
Answer Stats
Hint Answer % Correct
BOG Bogota
98%
LIM Lima
98%
SCL Santiago
75%
CCS Caracas
73%
MVD Montevideo
73%
UIO Quito
67%
ASU Asuncion
66%
CGH Sao Paulo
54%
MDE Medellin
53%
REC Recife
51%
FOR Fortaleza
46%
GEO Georgetown
42%
PBM Paramaribo
39%
CNF Belo Horizonte
38%
CTG Cartagena
37%
CLO Cali
32%
BEL Belem
31%
SSA Salvador
30%
POA Porto Alegre
27%
CWB Curitiba
24%
AQP Arequipa
22%
MAR Maracaibo
18%
ANF Antofagasta
17%
BAQ Baranquilla
16%
PUQ Punta Arenas
9%
MDQ Mar del Plata
6%
SMR Sta Marta
5%
No matching quizzes found
Score Distribution
Percent of People with Each Score
Percentile by Number Answered
Your Score History
You have not taken this quiz